[Event "TUR Cup"]
[Site "Antalya"]
[Date "2020.01.30"]
[Round "8"]
[White "Yakar, Azat"]
[Black "Araboga, Mesut"]
[Result "1-0"]
[WhiteElo "1469"]
[BlackElo "1627"]
[PlyCount "103"]
[EventDate "2020.01.26"]
[EventType "swiss"]
[EventRounds "11"]
[EventCountry "TUR"]
[SourceTitle "CBM 194 Extra"]
[Source "ChessBase"]
[SourceDate "2020.03.31"]
[SourceVersion "1"]
[SourceVersionDate "2020.03.31"]
[SourceQuality "1"]

1. d4 e6 2. c4 Nf6 3. Nf3 b6 4. g3 Bb7 5. Bg2 Be7 6. 0-0 0-0 7. Nc3 d5 8. cxd5 exd5 9. Bg5 Nbd7 10. Rc1 Re8 11. a3 h6 12. Bxf6 Bxf6 13. b4 a5 14. b5 c5 15. bxc6 Bxc6 16. a4 Qe7 17. e3 Rac8 18. Ne1 Qb4 19. Nd3 Qa3 20. Bxd5 Ba8 21. Nb5 Rxc1 22. Nxc1 Qe7 23. Qf3 Bxd5 24. Qxd5 Rc8 25. Ne2 Rc2 26. Nec3 Rd2 27. Qb7 Qe6 28. Qd5 Qh3 29. Nd6 Ne5 30. Qa8+ Kh7 31. Qe4+ Ng6 32. Nxf7 Qh5 33. Nd5 Kg8 34. Nxf6+ gxf6 35. g4 Qh4 36. Qxg6+ Kf8 37. Qxh6+ Qxh6 38. Nxh6 Ra2 39. Rb1 Rxa4 40. Rxb6 Ra1+ 41. Kg2 a4 42. Rxf6+ Kg7 43. Ra6 a3 44. Nf5+ Kf7 45. h4 a2 46. h5 Kg8 47. d5 Kf7 48. h6 Kg8 49. Nd4 Kf7 50. d6 Ke8 51. h7 Kd7 52. Ra7+ 1-0

[Event "TUR Cup"]
[Site "Antalya"]
[Date "2020.01.29"]
[Round "5"]
[White "Bek, Emir"]
[Black "Yakar, Azat"]
[Result "1-0"]
[WhiteElo "1829"]
[BlackElo "1469"]
[PlyCount "77"]
[EventDate "2020.01.26"]
[EventType "swiss"]
[EventRounds "11"]
[EventCountry "TUR"]
[SourceTitle "CBM 194 Extra"]
[Source "ChessBase"]
[SourceDate "2020.03.31"]
[SourceVersion "1"]
[SourceVersionDate "2020.03.31"]
[SourceQuality "1"]

1. d4 Nf6 2. Nf3 g6 3. c4 Bg7 4. Nc3 0-0 5. e4 d6 6. Be2 e5 7. d5 a5 8. 0-0 Na6 9. Ne1 Nc5 10. Qc2 Nfd7 11. f3 f5 12. Be3 f4 13. Bf2 Bf6 14. Nb5 Rf7 15. b3 b6 16. a3 Nf8 17. Rc1 Bh4 18. Bxh4 Qxh4 19. b4 axb4 20. axb4 Nb7 21. Nd3 g5 22. Nf2 h5 23. h3 Ng6 24. Ra1 Rb8 25. Ra3 Qg3 26. Bd1 Qh4 27. Qa4 Bxh3 28. Nxh3 g4 29. Nf2 g3 30. Nh3 Rbf8 31. Qa7 Nd8 32. Nxc7 Re7 33. Qxb6 Nf7 34. Re1 Ng5 35. Nxg5 Qxg5 36. Ne6 Qh4 37. Nxf8 Qh2+ 38. Kf1 Qh1+ 39. Qg1 1-0

[Event "TUR Cup"]
[Site "Antalya"]
[Date "2020.01.29"]
[Round "6"]
[White "Yakar, Azat"]
[Black "Baylav, Bartu"]
[Result "1/2-1/2"]
[WhiteElo "1469"]
[BlackElo "1777"]
[PlyCount "45"]
[EventDate "2020.01.26"]
[EventType "swiss"]
[EventRounds "11"]
[EventCountry "TUR"]
[SourceTitle "CBM 194 Extra"]
[Source "ChessBase"]
[SourceDate "2020.03.31"]
[SourceVersion "1"]
[SourceVersionDate "2020.03.31"]
[SourceQuality "1"]

1. e4 c5 2. Nf3 d6 3. g3 g6 4. Bg2 Bg7 5. 0-0 e6 6. c3 Ne7 7. d4 0-0 8. Be3 cxd4 9. cxd4 d5 10. e5 b6 11. Nc3 Ba6 12. Re1 Qd7 13. a3 Nbc6 14. b4 Bc4 15. g4 b5 16. Nd2 Rab8 17. Nb3 Bxb3 18. Qxb3 a5 19. Ne2 Nc8 20. Nc1 Nb6 21. Nd3 Na4 22. Rac1 Rfc8 23. Nc5 1/2-1/2

[Event "TUR Cup"]
[Site "Antalya"]
[Date "2019.02.03"]
[Round "11"]
[White "Saraloglu, Yasarhan"]
[Black "Yakar, Azat"]
[Result "0-1"]
[WhiteElo "1143"]
[BlackElo "1362"]
[PlyCount "52"]
[EventDate "2019.01.27"]
[EventType "swiss"]
[EventRounds "11"]
[EventCountry "TUR"]
[SourceTitle "CBM 188 Extra"]
[Source "ChessBase"]
[SourceDate "2019.02.28"]
[SourceVersion "1"]
[SourceVersionDate "2019.02.28"]
[SourceQuality "1"]

1. d4 Nf6 2. Bf4 g6 3. Nc3 d5 4. e3 Bg7 5. Nf3 0-0 6. Bd3 c5 7. h4 Bg4 8. Be2 Qa5 9. Ne5 Bxe2 10. Qxe2 Nc6 11. 0-0-0 Nh5 12. Qg4 cxd4 13. exd4 Nb4 14. a3 Nc6 15. Bg3 Rac8 16. Rd3 e6 17. Nd7 Rfd8 18. Nc5 Nxg3 19. Rxg3 h5 20. Qg5 Qb6 21. Nxe6 fxe6 22. Qxg6 Qxd4 23. Qxe6+ Kh7 24. Rhh3 Qf6 25. Rxg7+ Qxg7 26. Rg3 Qh6+ 0-1

[Event "TUR Cup										"]
[Site "Antalya"]
[Date "2018.01.28"]
[Round "2"]
[White "Yakar, Azat"]
[Black "Turkkan, Ece"]
[Result "1-0"]
[WhiteElo "1279"]
[BlackElo "1545"]
[PlyCount "82"]
[EventDate "2018.01.27"]
[EventType "swiss"]
[EventRounds "11"]
[EventCountry "TUR"]
[SourceTitle "CBM 182 Extra"]
[Source "ChessBase"]
[SourceDate "2018.02.23"]
[SourceVersion "1"]
[SourceVersionDate "2018.02.23"]
[SourceQuality "1"]

1. d4 d5 2. c4 c6 3. Nf3 Nf6 4. g3 Bg4 5. Bg2 Nbd7 6. 0-0 e6 7. Nbd2 Bd6 8. Re1 0-0 9. e4 dxe4 10. Nxe4 Nxe4 11. Rxe4 Nf6 12. Bg5 Bf5 13. Re1 h6 14. Bxf6 Qxf6 15. Ne5 Rfd8 16. Qb3 Bxe5 17. dxe5 Qe7 18. f4 Rd3 19. Qa4 Qc5+ 20. Kh1 Rad8 21. Rad1 Rd2 22. Rxd2 Rxd2 23. Rf1 Bd3 24. Rg1 Qf2 25. c5 Bf5 26. a3 Bg4 27. Qb3 a5 28. Qc3 Rxb2 29. Qd3 Bf5 30. Qf3 Qxc5 31. g4 Rb1 32. Rxb1 Bxb1 33. Qd1 Ba2 34. Qd8+ Qf8 35. Qxa5 Bd5 36. Qa7 Qe7 37. Qb8+ Kh7 38. Qd6 Qh4 39. Bxd5 cxd5 40. Qb4 Qf2 41. Qb1+ Kg8 1-0